书目信息 |
| 题名: |
全球环境中的跨文化沟通
|
|
| 作者: | 彼默 , 瓦纳 著 | |
| 分册: | ||
| 出版信息: | 北京 清华大学出版社 2003.01 |
|
| 页数: | 360页 | |
| 开本: | 26cm | |
| 丛书名: | ||
| 单 册: | ||
| 中图分类: | G115 | |
| 科图分类: | ||
| 主题词: | 文化事业--世界 | |
| 电子资源: | ||
| ISBN: | 7-302-06255-2 | |
| 000 | 00601nam0 2200205 45 | |
| 001 | 0441794972 | |
| 005 | 2004042911363494 | |
| 010 | @a7-302-06255-2@dCNY 47.00 | |
| 100 | @a20040429d2003 km y0chiy0120 ea | |
| 101 | 0 | @aeng |
| 102 | @aCN@b110000 | |
| 200 | 1 | @a全球环境中的跨文化沟通@AQuan Qiu Huan Jing Zhong De Kua Wen Hua Gou Tong@f(美)彼默,瓦纳著@F(Mei)Bi Mo,Wa Na Zhu |
| 210 | @a北京@c清华大学出版社@d2003.01 | |
| 215 | @a360页@d26cm | |
| 606 | 0 | @a文化事业@x世界 |
| 690 | @aG115@v3 | |
| 701 | 0 | @a彼默@ABi Mo@4著 |
| 701 | 0 | @a瓦纳@AWa Na@4著 |
| 801 | 0 | @aCN@bPFT@c20040429 |
| 905 | @dG115@eB742 | |
| 全球环境中的跨文化沟通/(美)彼默,瓦纳著.-北京:清华大学出版社,2003.01 |
| 360页;26cm |
| ISBN 7-302-06255-2:CNY 47.00 |
| ● |
| 相关链接 |
|
|
|
正题名:全球环境中的跨文化沟通
索取号:G115/B742
 
预约/预借
| 序号 | 登录号 | 条形码 | 馆藏地/架位号 | 状态 | 备注 |
| 1 | 381294 | 203812945 | 社科库409/409社科库 56排1列1层/ [索取号:G115/B742] | 在馆 | |
| 2 | 381295 | 203812954 | 社科二线422/409社科库 56排1列1层/ [索取号:G115/B742] | 在馆 | |
| 3 | 381296 | 203812963 | 社科二线422/409社科库 56排1列1层/ [索取号:G115/B742] | 在馆 |